Der Alte jüdische Friedhof und die Klausensynagoge
| Titel: | Der Alte jüdische Friedhof und die Klausensynagoge / Staatliches Jüdisches Museum in Prag. Vladimír Sadek ; Jiřina Sedinová |
|---|---|
| Beteiligt: | ; |
| Körperschaft: | |
| Veröffentlicht: | Prag, 1989 |
| Umfang: | 47 S. : überw. Ill. |
| Format: | Buch |
| Sprache: | Deutsch |
| ISBN: | 8090075029 ; 8090075002 ; 8090075010 |
| Lokale Klassifikation: | 23 8 P 185 ; 23 9 K ; 23 3 F |
|---|
alg: 4623279 001A $00043:18-03-96 001B $06055:27-02-26 $t18:07:51.000 001C $06060:17-06-15 $t00:53:32.000 001D $09999:99-99-99 001U $0utf8 001X $00 002@ $0Aau 003@ $0046232796 003O $079328146 $aOCoLC 004A $080-900750-2-9 004A $080-900750-0-2 004A $080-900750-1-0 007A $0046232796 $aHEB 010@ $ager 011@ $a1989 013H $0c 021A $aDer @Alte jüdische Friedhof und die Klausensynagoge $hStaatliches Jüdisches Museum in Prag. Vladimír Sadek ; Jiřina Sedinová 028C $71069674869 $8Sadek, Vladimír$Z1932-2008 [Tp1] $9358056799 028C/01 $D20231015 $Ecgwrk $71105663914 $8Šedinová, Jiřina$Z1946- [Tp1] $938387761X 029F $RJüdisches Zentralmuseum $RŽidovské Muzeum v Praze $#Židovské Muzeum Státní Židovské Muzeum v Praze $#Staatliches Jüdisches Museum in Prag $#Jüdisches Staatsmuseum Prag $#Museo Judío del Estado Prag $#Musée juif d'etat Prag $#State Jewish Museum in Prague $#Jewish Museum Státní Židovské Muzeum v Praze $#Das @Staatliche Jüdische Museum Prag $#Gosudarstvennyj evrejskij muzej Státní Židovské Muzeum v Praze $#SZM $#Museo ebraico Státní Židovské Muzeum v Praze $72022831-4 $8Státní Židovské Muzeum v Praze [Tb1] $9042764890 033A $pPrag 034D $a47 S. 034M $aüberw. Ill. 044K $RPrag $D20251120 $Ecgmnf $74215410-8 $8Alter Jüdischer Friedhof$gPrag [Tg1] $9086110128 045F $a709.4371 $eDDC23BSB 045F/01 $a709 045F/03 $g4371 045G $a909.04924094371 $eDDC23BSB 045G/01 $a909.04924 045G/03 $g4371 lok: 4623279 11 exp: 4623279 11 1 #EPN 201B/01 $020-02-13 $t11:35:34.000 201C/01 $018-03-96 201U/01 $0utf8 203@/01 $010135746X 208@/01 $a18-03-96 $bz 209A/01 $a60 KSB 3668 $du $f100 $x00 209G/01 $a80503601 $x00 247C/01 $8620100-3 <43>Wiesbaden, Hochschul- und Landesbibliothek RheinMain, Rheinstraße $9102599572 lok: 4623279 24 101B $004-12-02 $t14:18:00.845 101C $010-07-98 145Z/01 $a23 8 P 185 145Z/02 $a23 9 K 145Z/03 $a23 3 F 101U $0utf8 exp: 4623279 24 1 #EPN 201B/01 $007-12-05 $t15:08:37.000 201C/01 $010-07-98 203@/01 $0122899822 208@/01 $a10-07-98 $bz 209A/01 $aS 16242 $du $f050 $hS 16242 $x00 209C/01 $aT 93.2095 $h93 2095 T 209G/01 $a71154823 $x00 247C/01 $8358050-7Marburg, Bibliothek des Herder-Instituts Marburg $9102600961 201U/01 $0utf8 lok: 4623279 63 exp: 4623279 63 1 #EPN 201B/01 $030-07-15 $t13:58:48.000 201C/01 $030-07-15 201U/01 $0utf8 203@/01 $075778173X 208@/01 $a30-07-15 $bz 209A/01 $aUa173 $du $f480 $x00 237A/01 $aText engl. 247C/01 $8618204-5 <2203>Darmstadt, Alexander-Haas-Bibliothek der Gesellschaft für Christlich-Jüdische Zusammenarbeit $9344053369
| LEADER | 00000cam a2200000 c 4500 | ||
|---|---|---|---|
| 001 | 046232796 | ||
| 003 | DE-603 | ||
| 005 | 20260227180751.0 | ||
| 007 | tu | ||
| 008 | 960318s1989 xx |||| | u00||u|ger c | ||
| 020 | |a 8090075029 | ||
| 020 | |a 8090075002 | ||
| 020 | |a 8090075010 | ||
| 035 | |a (DE-599)HEB046232796 | ||
| 035 | |a (OCoLC)79328146 | ||
| 040 | |a DE-603 |b ger |c DE-603 |d DE-603 | ||
| 041 | |a ger | ||
| 082 | 0 | 4 | |8 1\u |a 709.4371 |q DE-101 |2 23/BSB |
| 083 | 0 | |8 2\u |a 909.04924094371 |q DE-101 |2 23/BSB | |
| 085 | |8 1\u |b 709 | ||
| 085 | |8 1\u |z 2 |s 4371 | ||
| 085 | |8 2\u |b 909.04924 | ||
| 085 | |8 2\u |z 2 |s 4371 | ||
| 245 | 0 | 0 | |a Der Alte jüdische Friedhof und die Klausensynagoge |c Staatliches Jüdisches Museum in Prag. Vladimír Sadek ; Jiřina Sedinová |
| 264 | 1 | |a Prag |c 1989 | |
| 300 | |a 47 S. |b überw. Ill. | ||
| 651 | 7 | |a Alter Jüdischer Friedhof |g Prag |0 (DE-588)4215410-8 |0 (DE-603)086110128 |2 gnd | |
| 700 | 1 | |a Sadek, Vladimír |d 1932-2008 |0 (DE-603)358056799 |0 (DE-588)1069674869 |2 gnd | |
| 700 | 1 | |a Šedinová, Jiřina |d 1946- |0 (DE-603)38387761X |0 (DE-588)1105663914 |2 gnd | |
| 710 | 2 | |a Státní Židovské Muzeum v Praze |0 (DE-603)042764890 |0 (DE-588)2022831-4 |2 gnd | |
| 924 | 0 | |9 43 |a (DE-603)10135746X |b DE-43 |c HES |d c |g 60 KSB 3668 | |
| 924 | 0 | |9 Mb 50 |a (DE-603)122899822 |b DE-Mb50 |c HES |d c |g S 16242 | |
| 924 | 0 | |9 2203 |a (DE-603)75778173X |b DE-2203 |c HES |d d |g Ua173 | |


